000 00425nam a2200181Ia 4500
005 20250425161010.0
008 250425s9999 xx 000 0 und d
041 _aspa
082 _a913.031
100 _aSILVA GALDAMES, OSVALDO
245 0 _aECOLOGIA CULTURAL E INTERPRETACION ARQUEOLOGI
250 _a1A ED.
260 _aEcuador
_bUNCO
_c1972
260 _aS.L.
300 _a82
942 _c01
010 _a10255
999 _c200376
_d200376